MESTSKÁ KNIŽNICA GIRALTOVCE  - online katalóg 

Úlomky spomienok (Record no. 23504)

000 -NÁVESTIE
fixed length control field 01652cam a2200481 a 4500
001 - EVIDENČNÉ ČÍSLO ZÁZNAMU - Kontrolné číslo
control field vtls011586537
005 - DÁTUM A ČAS POSLEDNEJ TRANSAKCIE
control field 20221013131232.0
008 - ÚDAJE S PEVNOU DĹŽKOU – VŠEOBECNÉ INFORMÁCIE
fixed length control field 180927 2016 xo o g 000 0bslo
020 ## - MEDZINÁRODNÉ ŠTANDARDNÉ ČÍSLO KNIHY (ISBN)
Medzinárodné štandardné číslo knihy (ISBN) 9788055152080
Qualifying information (viaz.)
035 ## - Iný štandardný identifikátor
Iný štandardný identifikátor 0D815D0B-FFE3-4024-A3F0-0F05B0596D9A
035 ## - Iný štandardný identifikátor
Iný štandardný identifikátor urn:nbn:sk:snk-am3h784
035 ## - Iný štandardný identifikátor
Iný štandardný identifikátor urn:nbn:sk:snk-am00cnlf
040 ## - ZDROJ KATALOGIZÁCIE
Pôvodná katalogizujúca agentúra SKPK
Jazyk katalogizácie slo
Prepisujúca agentúra SKPK
Modifikujúca agentúra SNK
Konvencie popisu AACR2
041 1# - KÓD JAZYKA
Kód jazyka textu/zvukovej stopy alebo samostatných nápisov slo
Kód jazyka originálu a/alebo sprostredkujúcich prekladov textu cze
044 ## - KÓD KRAJINY VYDAVATEĽA/PRODUCENTA
Kód krajiny MARC xo
Kód krajiny ISO SK
072 #7 - KÓD PREDMETOVEJ KATEGÓRIE
Kód predmetovej kategórie 78.07
Pododdiel kódu predmetovej kategórie Hudobníci, skladatelia a iné hudobné povolania
Zdroj konspekt
072 #7 - KÓD PREDMETOVEJ KATEGÓRIE
Kód predmetovej kategórie 929
Pododdiel kódu predmetovej kategórie Biografie
Zdroj konspekt
080 ## - ČÍSLO MEDZINÁRODNÉHO DESATINNÉHO TRIEDENIA (MDT)
Číslo Medzinárodného desatinného triedenia (MDT) 78.03.011.26
Identifikátor vydania 2011
080 ## - ČÍSLO MEDZINÁRODNÉHO DESATINNÉHO TRIEDENIA (MDT)
Číslo Medzinárodného desatinného triedenia (MDT) 78.071.2-055.2
Identifikátor vydania 2011
080 ## - ČÍSLO MEDZINÁRODNÉHO DESATINNÉHO TRIEDENIA (MDT)
Číslo Medzinárodného desatinného triedenia (MDT) (437.6)
Identifikátor vydania 2011
080 ## - ČÍSLO MEDZINÁRODNÉHO DESATINNÉHO TRIEDENIA (MDT)
Číslo Medzinárodného desatinného triedenia (MDT) (092)
Identifikátor vydania 2011
100 1# - OSOBNÉ MENÁ – VŠEOBECNÉ INFORMÁCIE
Osobné meno Gombitová, Marika,
Dátumy súvisiace s menom 1956-
-- 3732
245 10 - NÁZOV
Názov Úlomky spomienok
Údaj o zodpovednosti atď. Marika Gombitová, Miroslav Graclík ; [preklad Ľubica Janeva]
260 ## - VYDAVATEĽSKÉ ÚDAJE, DISTRIBÚCIA ATĎ.
Miesto publikovania, distribúcie atď. Bratislava
Názov vydavateľa, distibútora atď. Ikar
Dátum publikovania, distribúcie atď. 2016
300 ## - FYZICKÝ POPIS
Rozsah 299 s.
Ďalšie fyzické detaily fotogr., ilustr.
Rozmery 23 cm
500 ## - VŠEOBECNÁ POZNÁMKA
Formátovaná poznámka o obsahu Pravdepodobne prel. z češ.
600 17 - PRIDANÝ VSTUP – PREDMET – OSOBNÉ MENO
Osobné meno Gombitová, Marika,
Dátumy súvisiace s menom 1956-
Zdroj hesla alebo termínu SNKMA
-- 3732
648 #7 - PRIDANÝ VSTUP – PREDMET – CHRONOLOGICKÝ TERMÍN
Chronologický termín 20.-21. stor.
Zdroj hesla alebo termínu SNKPH
-- 1821
648 #7 - PRIDANÝ VSTUP – PREDMET – CHRONOLOGICKÝ TERMÍN
Chronologický termín 20th-21st centuries
Zdroj hesla alebo termínu SNKPHeng
-- 1822
650 07 - PRIDANÝ VSTUP – PREDMET – TEMATICKÉ HESLO
Tematické heslo alebo geografický názov ako vstupný prvok populárna hudba
Zdroj hesla alebo termínu SNKPH
-- 3733
650 07 - PRIDANÝ VSTUP – PREDMET – TEMATICKÉ HESLO
Tematické heslo alebo geografický názov ako vstupný prvok speváčky
Zdroj hesla alebo termínu SNKPH
-- 3734
650 07 - PRIDANÝ VSTUP – PREDMET – TEMATICKÉ HESLO
Tematické heslo alebo geografický názov ako vstupný prvok pop-music
Zdroj hesla alebo termínu SNKPHeng
-- 3735
650 07 - PRIDANÝ VSTUP – PREDMET – TEMATICKÉ HESLO
Tematické heslo alebo geografický názov ako vstupný prvok Women singers
Zdroj hesla alebo termínu SNKPHeng
-- 3736
651 #7 - PRIDANÝ VSTUP – PREDMET – GEOGRAFICKÝ NÁZOV
Geografický názov Slovensko
Zdroj hesla alebo termínu SNKPH
-- 1613
651 #7 - PRIDANÝ VSTUP – PREDMET – GEOGRAFICKÝ NÁZOV
Geografický názov Slovakia
Zdroj hesla alebo termínu SNKPHeng
-- 1614
655 #7 - INDEXAČNÝ TERMÍN – ŽÁNER/FORMA
Údaje o žánri/forme alebo termín, ktorý je prvok fazety biografie
Zdroj termínu SNKPH
-- 1756
655 #7 - INDEXAČNÝ TERMÍN – ŽÁNER/FORMA
Údaje o žánri/forme alebo termín, ktorý je prvok fazety Biography
Zdroj termínu SNKPHeng
-- 1759
700 1# - PRIDANÝ VSTUP – OSOBNÉ MENO
Osobné meno Graclík, Miroslav,
Dátumy súvisiace s menom 1967-
Kód roly aut
-- 3737
700 1# - PRIDANÝ VSTUP – OSOBNÉ MENO
Osobné meno Janeva, Ľubica,
Dátumy súvisiace s menom 1965-
Kód roly trl
-- 3738
958 ## - Formálny deskriptor
Formálny deskriptor BX
958 ## - Formálny deskriptor
Formálny deskriptor OP
Holdings
Stav stiahnutia (Blokovanie) (Withrawn status) Stav straty Zdroj klasifikácie pre skladovanie Stav poškodenia (Damaged status) Nie pre výpožičky (Not for loan) Spôsob nadobudnutia (Collection code) Trvalé umiestnenie Aktuálne umiestnenie Dátum nadobudnutia Náklady, bežná kúpna cena Inventárne číslo (prírastkové číslo) Celkom výpožičky Full call number Čiarový kód Dátum posledného výskytu Dátum poslednej výpôžičky Cena s účinnosťou od Typ jednotky Koha
          Kúpa Mestská knižnica Giraltovce Mestská knižnica Giraltovce 2022-10-13 3.00 21835 3 B10618 B10618 2024-02-12 2023-11-03 2022-10-13 Krásna literatúra pre dospelých

Powered by Koha